000 00499nam a2200157 4500
008 161215b xxu||||| |||| 00| 0 eng d
022 _a0893-8989
082 _aDPer 363.205 P75 May-Dec 2015 v. 39
100 _918312
_aBasich, Melanie
245 _aIn-door defense/
_cMelanie Basich.
260 _aCalifornia:
_bBobit Business Media,
_cc2015.
300 _av39 n6, page 4;
_c28 cm.
500 _aPolice: the law enforcement magazine.
650 0 _918313
_aMilitary readiness
942 _2ddc
_cPER
999 _c6036
_d6036